Cartas a un estudiante de derecho / (Registro nro. 63355)
[ vista simple ]
| 000 -LEADER | |
|---|---|
| fixed length control field | 00982cam a2200301 i 4500 |
| 001 - CONTROL NUMBER | |
| control field | 63355 |
| 003 - CONTROL NUMBER IDENTIFIER | |
| control field | Mx-PuUPA |
| 005 - DATE AND TIME OF LATEST TRANSACTION | |
| control field | 20220601161855.0 |
| 008 - FIXED-LENGTH DATA ELEMENTS--GENERAL INFORMATION | |
| fixed length control field | 150821s2011 mx r 001 0 spa d |
| 020 ## - INTERNATIONAL STANDARD BOOK NUMBER | |
| International Standard Book Number | 9786070908569 |
| 040 ## - CATALOGING SOURCE | |
| Original cataloging agency | Mx-PuUPA |
| Language of cataloging | spa |
| Transcribing agency | Mx-PuUPA |
| Modifying agency | Mx-PuUPA |
| Description conventions | rda |
| 041 0# - LANGUAGE CODE | |
| Language code of text/sound track or separate title | spa |
| 100 1# - MAIN ENTRY--PERSONAL NAME | |
| Personal name | Carbonell, Miguel |
| Dates associated with a name | 1971- |
| Relator term | autor |
| 9 (RLIN) | 2412 |
| 245 10 - TITLE STATEMENT | |
| Title | Cartas a un estudiante de derecho / |
| Statement of responsibility, etc. | Miguel Carbonell |
| 250 ## - EDITION STATEMENT | |
| Edition statement | Primera edición |
| 264 #1 - PRODUCTION, PUBLICATION, DISTRIBUTION, MANUFACTURE, AND COPYRIGHT NOTICE | |
| Place of production, publication, distribution, manufacture | Ciudad de México : |
| Name of producer, publisher, distributor, manufacturer | Editorial Porrúa, |
| Date of production, publication, distribution, manufacture, or copyright notice | 2011 |
| -- | ©2018 |
| 300 ## - PHYSICAL DESCRIPTION | |
| Extent | 104 páginas ; |
| Dimensions | 21 cm |
| 336 ## - CONTENT TYPE | |
| Content type term | texto |
| Fuente | rdacontent |
| Content type code | txt |
| 337 ## - MEDIA TYPE | |
| Media type term | sin medio |
| Source | rdamedia |
| Media type code | n |
| 338 ## - CARRIER TYPE | |
| Carrier type term | volumen |
| Source | rdacarrier |
| Carrier type code | nc |
| 650 #0 - SUBJECT ADDED ENTRY--TOPICAL TERM | |
| Topical term or geographic name entry element | Derecho |
| General subdivision | Estudio y enseñanza |
| 650 #0 - SUBJECT ADDED ENTRY--TOPICAL TERM | |
| Topical term or geographic name entry element | Estudiantes de derecho |
| Geographic subdivision | México |
| 942 ## - ADDED ENTRY ELEMENTS (KOHA) | |
| Source of classification or shelving scheme | Dewey Decimal Classification |
| Koha item type | Libro |
| Classification part | 340.71 |
| Item part | C257 |
| Withdrawn status | Lost status | Source of classification or shelving scheme | Damaged status | Not for loan | Collection code | Home library | Current library | Shelving location | Date acquired | Total Checkouts | Total Renewals | Full call number | Barcode | Date last seen | Date last checked out | Price effective from | Koha item type | Copy number | Source of acquisition | Cost, normal purchase price | Cost, replacement price |
|---|---|---|---|---|---|---|---|---|---|---|---|---|---|---|---|---|---|---|---|---|---|
| Dewey Decimal Classification | General | Biblioteca Karol Wojtyla | Biblioteca Karol Wojtyla | Sala general | 19/08/2021 | 1 | 340.71 C257 2011 | 100594 | 05/01/2026 | 25/01/2020 | 19/08/2021 | Libro | 1 | 85.00 | 85.00 | ||||||
| Dewey Decimal Classification | General | Biblioteca Karol Wojtyla | Biblioteca Karol Wojtyla | Sala general | 19/08/2021 | 2 | 1 | 340.71 C257 2011 | 100595 | 05/01/2026 | 18/10/2021 | 19/08/2021 | Libro | Ej.2 | 1 | 85.00 | 85.00 | ||||
| Dewey Decimal Classification | General | Tehuacán | Tehuacán | Sala general | 28/08/2019 | 1 | 1 | 340.71 C257 2018 | 968000000163 | 08/01/2025 | 05/03/2024 | 28/08/2019 | Libro | ||||||||
| Dewey Decimal Classification | General | Tehuacán | Tehuacán | Sala general | 31/08/2019 | 2 | 340.71 C257 2018 | 968000000057 | 08/01/2025 | 12/10/2022 | 31/08/2019 | Libro | Ej.2 |